Eurovision Trivia #6 - Statistics

General Stats
  • This quiz has been taken 11 times
  • The average score is 6 of 11
Answer Stats
Question Answer % Correct
Are adults allowed to write entries for Junior Eurovision? Yes
100%
How many participants at Junior Eurovision have gone on to be a participant at the adult Eurovision Song Contest (backing vocalists not included)? 7
80%
What is Romania's best placing ever at Junior Eurovision? 4th
70%
Which is the only country to have won Junior Eurovision three times? Georgia
70%
Which two countries have won Junior Eurovision with their debut entry? Croatia
60%
Italy
60%
How many countries participated in Junior Eurovision 2015? 17
50%
In which city was the inaugural Junior Eurovision Song Contest held in 2003? Copenhagen
50%
What infamous icon formed part of the Junior Eurovision logo between 2003 and 2007? Singing girl
40%
Which country won the online voting in Junior Eurovision 2017? Netherlands
30%
Which song did Jedward perform during the interval of Junior Eurovision 2016? Hologram
20%
No matching quizzes found
Score Distribution
Percent of People with Each Score
Percentile by Number Answered
Your Score History
You have not taken this quiz